01425naa a22003737a 4500001001000000003000900010005001700019007000300036008003400039040005400073041000900127072002600136090001800162100001600180100001500196100001400211100001600225100001500241100001600256111009100272245012500363260003400488500012400522650002400646650001000670650001000680650001200690650001000702773012100712909003600833942001400869999001900883952014900902BR7314483BR-BrBNA20240918173540.0ta230509b bl.||||| |||| 00| 0 por d aBR-BrBNAbporcBiblioteca Nacional de Agricultura a(Pt) aF25b2110b3830bG514 aF25 BR73144831 aFonseca, R.1 aDias, A.C.1 aPires, E.1 aMiranda, E.1 aCabala, P.1 aSantana, C.1 a2. Conferencia Internacional de Pesquisas em CacaucSalvador, BA (Brazil)d19 Nov 19671 aCorrelacoes dos teores de fosforo nos solos com respostas de microparcelas de milho, na zona cacaueira da Bahia [Brasil]3 aIlheus, BA (Brasil): c1969.  aMemorias da 2. Conferencia Internacional de Pesquisas em Cacau Ilheus, BA (Brasil): 1969. p. 487-497 (BR7314483-AM)F25  aFERTILIDADE DO SOLO aCACAU aBAHIA aFOSFORO aMILHO0 tMemorias da 2. Conferencia Internacional de Pesquisas em CacauwF25 BR7314483gIlheus, BA (Brasil), 1969. p. 487-497 a202404bLuciac55dLucia Elande cAM2AGRIS c305312d305312 002AGRIS40708Acervo Gerala41918b41918cAgrobasel0o2110 BR7303352r2024-05-20t01yAM10d2024-04-11ePortaria Interministerial nÂș 164/94